| 000 | 004560000a22001930004500 | ||
|---|---|---|---|
| 999 |
_c47871 _d47871 |
||
| 001 | 667 | ||
| 003 | CO-MdFUSB | ||
| 005 | 20181001170251.0 | ||
| 008 | 181001b xxu||||| |||| 00| 0 eng d | ||
| 020 | _a0 7324 0032 5 | ||
| 040 | _cCO-MdBIC | ||
| 082 | 0 | 4 | _a813C G54s |
| 100 | 1 | _aGodfrey, Jan | |
| 245 | 1 | 0 | _aMe at the swimming pool / Jan Godfrey |
| 260 | _aOxford : A Little Lion | ||
| 300 | _a24 p. | ||
| 650 | 1 | 4 | _aLiteratura Infantil |
| 942 | _cLGB | ||